00856nam a2200217 u 450000100100000000500170001000800410002704000250006808200280009310000160012124500460013725000110018326000740019430000210026849000550028950400730034465000580041765000620047565100460053783000550058300000301820200929150316.0090706s1998 dr r 000 0 spa d aDO-SdBNPbspacBNPHU a362.509729bC392o, 19981 aCela, Jorge13aLa otra cara de la pobreza /cJorge Cela. a2a ed. aSanto Domingo :bCentro de Estudios Sociales P. Juan Montalvo,c1998. a138 p. ;c22 cm.0 aCentro de Estudios Sociales Padre Juan Montalvov9 aIncluye referencias bibliográficas y notas al pie de las páginas 4aPobrezazRepública DominicanaxCondiciones sociales 4aPobrezaxPolítica gubernamentalzRepública Dominicana 4aRepública DominicanaxPolítica Social 0aCentro de Estudios Sociales Padre Juan Montalvon9